| 000 | 01140aam a2200361 4500 | ||
|---|---|---|---|
| 005 | 20161213113310.0 | ||
| 008 | 150506b xxu||||| |||| 00| 0 spa d | ||
| 041 | _aEspañol | ||
| 082 | _a337 A652e4 | ||
| 100 |
_aAppleyard, Dennis R. _935196 |
||
| 100 |
_aField, Alfred Jr. _935197 |
||
| 245 | _aEconómia internacional | ||
| 250 | _a4 edición | ||
| 260 |
_aColombia _bMcGraw-Hill _c2003 |
||
| 300 | _a742 páginas | ||
| 650 |
_aECONOMÍA INTERNACIONAL _923005 |
||
| 650 |
_aTEORÍAS COMERCIALES _935198 |
||
| 650 |
_aMERCANTILISMO _935199 |
||
| 650 |
_aVENTAJA COMPARATIVA _935200 |
||
| 650 |
_aMODELO CLÁSICO DEL COMERCIO _935201 |
||
| 650 |
_aTEORÍA NEOCLASICA DEL COMERCIO _935202 |
||
| 650 |
_aGANANCIAS DEL COMERCIO _935203 |
||
| 650 |
_aCURVAS DE OFERTA _935204 |
||
| 650 |
_aCRECIMIENTO ECONÓMICO _9976 |
||
| 650 |
_aPOLITICA COMERCIAL _925787 |
||
| 650 |
_aINTEGRACIÓN ECONÓMICA _935205 |
||
| 650 |
_aECONOMÍA MONETARIA _935206 |
||
| 650 |
_aMERCADO DE DIVISAS _916440 |
||
| 650 |
_aBALANZA DE PAGOS _923881 |
||
| 650 |
_aPOLITICA MACROECONÓMICA _935207 |
||
| 650 |
_aTIPOS DE CAMBIO _96006 |
||
| 942 | _cBK | ||
| 999 |
_c5154 _d5154 |
||